Dans quels sports des JO d'hiver ces pays sont le plus médaillés ? - Statistiques

Statistiques générales
  • Ce quiz a été pris 77 fois
    21 depuis la dernière actualisation
  • Le résultat moyen est 7 sur 30
Statistiques - réponses
Hint Réponse % Correct
Norvège Ski de Fond
88%
Pays Bas Patinage de Vitesse
65%
Australie Ski Acrobatique
53%
Suisse Ski Alpin
47%
Italie Ski Alpin
41%
Allemagne de l'Ouest Luge
35%
Allemagne de l'Est Luge
35%
Autriche Ski Alpin
35%
Finlande Ski de Fond
35%
Suède Ski de Fond
35%
Corée du Sud Short Track
29%
France Ski Alpin
24%
Allemagne Biathlon
18%
Biélorussie Biathlon
18%
Pologne Saut à Ski
18%
Russie Ski de Fond
18%
Danemark Curling
12%
Tchécoslovaquie Hockey sur Glace
12%
Canada Patinage de Vitesse
12%
Chine Short Track
12%
Liechtenstein Ski Alpin
12%
Union Soviétique Ski de Fond
12%
Ukraine Biathlon
6%
États Unis Patinage de Vitesse
6%
République Tchèque Patinage de Vitesse
6%
Slovénie Ski Alpin
6%
Royaume Uni Patinage Artistique
0%
Hongrie Patinage Artistique
0%
Japon Patinage de Vitesse
0%
Kazakhstan Ski de Fond
0%
Aucun quiz correspondant
Distribution des résultats
% des personnes avec chaque résultat
Percentile par nombre de réponses
Votre historique - résultats
Vous n’avez pas pris ce quiz depuis la dernière actualisation